00779nam a22002177a 4500003000400000005001700004008004100021020001800062040000900080100002800089245014100117260003000258300001100288490001900299650003000318650004000348650004000388942001300428999001500441952010500456OSt20131031101628.0130416s2010 sp ||||| |||| 00| 0 spa d a9788433925909 cCDMR1 9263aWallraff, Günter10aCon los perdedores del mejor de los mundosb: expediciones al interior de AlemaniacGünter Wallraff ; traducción de Daniel Najmías aBarcelonabAnagramac2010 a352 p.0 aCrónicasv900491993aConflictes laborals0494154aPeriodistesxRelats personals0494236aMarginació socialzAlemanya 2udccMON c6093d6093 00104070aCDMRbCDMRd2013-01-16l1oDj /18pCDMR13046198r2021-12-09s2021-11-25w2013-04-16yMON